| 000 | 00813nam a2200205Ia 4500 | ||
|---|---|---|---|
| 003 | OSt | ||
| 005 | 20240531095452.0 | ||
| 008 | 210719s2005 xx 000 0 und d | ||
| 040 | _cAL | ||
| 041 | _aKonkani | ||
| 082 | _a891.468 NANC | ||
| 100 |
_aNANDINI, psued Stella DCosta Ed _dನಂದಿನಿ _9168752 |
||
| 245 |
_aCha Fra Dcostachem sahity sangrah: bhag-2 Utaram chandnem _bಚಾ ಫ್ರಾ ದೆಕೊಸ್ತಾಚೆಂ ಸಾಹಿತ್ಯ್ ಸಂಗ್ರಹ್ ಭಾಗ್ ೨: ಉತರಾ೦ ಚಾಂದ್ನೆ |
||
| 260 |
_aMangalore _bClifford Dsouza _c2005 |
||
| 300 |
_ac,563 _bHB |
||
| 365 |
_b200 _cRs |
||
| 650 |
_aKonkani Miscellaneous _9168753 |
||
| 906 | _abhag-2 ; Cha ; cha fra de costa ; chandnem ; Decostachem ; Fra ; sahity ; sangrah: ; Utaram | ||
| 942 |
_2ddc _cBK |
||
| 999 |
_c214024 _d214024 |
||